Central Library OPAC University of Rajshahi

Cristóbal de Virués / (Record no. 23325)

MARC details
000 -LEADER
fixed length control field 00821cam a2200265 i 4500
001 - CONTROL NUMBER
control field 23325
003 - CONTROL NUMBER IDENTIFIER
rucl marc code BD-RjUL
005 - DATE AND TIME OF LATEST TRANSACTION
control field 20211209000922.0
008 - FIXED-LENGTH DATA ELEMENTS--GENERAL INFORMATION
fixed length control field 140310s1978 mau b 001 0 eng
020 ## - INTERNATIONAL STANDARD BOOK NUMBER
International Standard Book Number 0805763384
035 ## - SYSTEM CONTROL NUMBER
System control number (BD-RjUL)23390
040 ## - CATALOGING SOURCE
Original cataloging agency DLC
Transcribing agency DLC
Modifying agency BD-RjUL
Language of cataloging eng
041 ## - LANGUAGE CODE
Language code of text/sound track or separate title eng
082 00 - DEWEY DECIMAL CLASSIFICATION NUMBER
Classification number 862.3
Author mark and year WEC 1978
100 1# - MAIN ENTRY--PERSONAL NAME
Personal name Weiger, John G.
9 (RLIN) 71862
245 00 - TITLE STATEMENT
Title Cristóbal de Virués /
Statement of responsibility, etc. by John G. Weiger.
260 ## - PUBLICATION, DISTRIBUTION, ETC. (IMPRINT)
Place of publication, distribution, etc. Boston :
Name of publisher, distributor, etc. Twayne Publishers,
Date of publication, distribution, etc. 1978.
300 ## - PHYSICAL DESCRIPTION
Pagination 166 p. :
Size 23 cm.
490 0# - SERIES STATEMENT
Series statement Twayne's world authors series ;
Volume/sequential designation TWAS 497 : Spain
504 ## - BIBLIOGRAPHY, ETC. NOTE
Bibliography, etc Includes index.& Bibliography: p. 155-163.
600 10 - SUBJECT ADDED ENTRY--PERSONAL NAME
Personal name Virués, Cristóbal de,
Dates associated with a name 1550?-approximately 1614
General subdivision Criticism and interpretation.
942 ## - ADDED ENTRY ELEMENTS (KOHA)
Source of classification or shelving scheme Dewey Decimal Classification
Koha item type Books
Holdings
Lost status Source of classification or shelving scheme Damaged status Not for loan Collection code Permanent Location Current Location Shelving location Date acquired Source of acquisition Total Checkouts Full call number Date last seen Copy number Koha item type
  Dewey Decimal Classification   Added to bundle Non-fiction Central Library, University of Rajshahi Central Library, University of Rajshahi Reading Room   Asia Fundation Gift   862.3 WEC 1978 10/03/2014 C-1 Books